Statistieken voor Bondscoaches van Nederland

Klik hier om de quiz te nemen!

Algemene statistieken

  • Deze quiz is 115 keer genomen
    (43 sinds de laatste reset)
  • De gemiddelde score is 14 van 57

Antwoordstatistieken

PeriodeNationaliteitAntwoord% Correct
2012-2014NederlanderLouis van Gaal
98%
2000-2001NederlanderLouis van Gaal
98%
2018-2020NederlanderRonald Koeman
83%
2020-2021NederlanderFrank De Boer
80%
2017NederlanderDick Advocaat
63%
2002-2004NederlanderDick Advocaat
63%
1992-1994NederlanderDick Advocaat
63%
2004-2008NederlanderMarco van Basten
63%
2008-2012NederlanderBert van Marwijk
60%
2015-2017NederlanderDanny Blind
60%
1984NederlanderRinus Michels
60%
1990-1992NederlanderRinus Michels
60%
1986-1988NederlanderRinus Michels
60%
1974NederlanderRinus Michels
60%
1998-2000NederlanderFrank Rijkaard
55%
1995-1998NederlanderGuus Hiddink
45%
2014-2015NederlanderGuus Hiddink
45%
1977-1978OostenrijkerErnst Happel
43%
1990²NederlanderLeo Beenhakker
33%
1985-1986NederlanderLeo Beenhakker
33%
2017NederlanderFred Grim (interim)
18%
1981-1984NederlanderKees Rijvers
18%
1966-1970DuitserGeorg Keßler
13%
1978-1981NederlanderJan Zwartkruis
10%
1976-1977NederlanderJan Zwartkruis
10%
1990NederlanderNol de Ruiter (interim)
8%
1988-1989NederlanderThijs Libregts
8%
1923BritBob Glendenning
5%
1925-1940BritBob Glendenning
5%
1964-1965BritDenis Neville
5%
1957-1964RoemeenElek Schwartz
5%
1974-1976NederlanderGeorge Knobel
5%
1997NederlanderJan Rab (interim)
5%
1981NederlanderRob Baan
5%
1914BritBilly Hunter
3%
1905-1908NederlanderCees van Hasselt
3%
1908-1913BritEdgar Chadwick
3%
1970-1973TsjechoslovaakFrantišek Fadrhonc
3%
1919-1923BritFrederick Warburton
3%
1912BritFrederick Warburton (vervanging Chadwick)
3%
1955OostenrijkerFriedrich Donnenfeld
3%
1956OostenrijkerFriedrich Donnenfeld
3%
1957BritGeorge Hardwick
3%
1949-1954NederlanderJaap van der Leck
3%
1919BritJack Reynolds
3%
1924BritJan Bollington
3%
1947-1948BritJesse Carver
3%
1910BritJimmy Hogan (vervanging chadwick)
3%
1921BritJim Waites (vervanging Warburton)
3%
1954NederlanderKarel Kaufman
3%
1949NederlanderKarel Kaufman
3%
1946NederlanderKarel Kaufman
3%
1955-1956OostenrijkerMax Merkel
3%
1913BritTom Bradshaw (vervanging Chadwick)
3%
1948BritTom Sneddon
3%
1924BritWilliam Townley
3%
1956OostenrijkerWudi Müller
3%

Scoreverdeling

Percentiel versus Aantal Correcte Antwoorden

Procent van Mensen met Elke Score

Uw Scoregeschiedenis

U heeft deze quiz nog niet genomen sinds de laatste reset